000 00305nam a2200121Ia 4500
008 240731s9999 xx 000 0 und d
022 _a1528-6940
245 0 _aJournal of Asia-Pacific Business
260 _bRoutledge
856 _uhttps://www.tandfonline.com/loi/wapb20
942 _2ddc
942 _cTFEJ
999 _c77454
_d77454
945 _a1
_bMadushi Gamage
_c1
_dMadushi Gamage